Kogenerácia - zaujímavá technológia pre slovenskú energetiku

Bibliographic Details
Main Author: Dvorský, Ján (Author)
Format: Article
Language:Slovak
ISBN:802330383X

MARC

LEADER 00000naa a2200000uu 4500
001 vtls011089412
003 SK-MaSNL
005 20260302105919.0
008 210905|1997 xo |||||||||||||||||slo|
015 |a SNBRA 
035 |a (urnnbn)urn:nbn:sk:snk:ar-a0cp5h 
035 |a (uuid)8c95c3b9-4a46-46b5-b4a8-5f64dcd6e99c 
035 |a urn:nbn:sk:snk-aavuxn 
040 |a SNKBUCL  |b slo  |c SNKBUCL  |e AACR2 
041 0 |a slo 
044 |a xo  |c SK 
100 1 |a Dvorský, Ján  |4 aut  |9 337125 
245 1 0 |a Kogenerácia - zaujímavá technológia pre slovenskú energetiku  |c Ján DVORSKÝ 
773 0 |t Kogeneračné jednotky  |d Bratislava : Dom techniky ZSVTS, 1997  |g S. 11-20  |z 802330383X 
958 |a OND 
958 |a article12 
958 |a chapter 
999 |c 1240863  |d 1242793